000 00936nam a2200241Ia 4500
003 OSt
005 20220930190018.0
006 a|||||r|||| 00| 0
007 ta
008 220926b |||||||| |||| 00| 0 hin d
020 _a9788189997045 (hbk (Set))
_c1290
024 _a1421
037 _b406, 22/03/2010, Swaraj Prakashan
_cTextbook
040 _aCRL
_cCRL
_bhin
041 _2hin
_ahin
082 _a4:(Y5927), 152P5.1
100 _aनैमिशराय, मोहनदास
245 0 _aदलित पत्रकारिता
_b सामाजिक व राजनीतिक चिंतन
260 _aदिल्ली,
_bश्री नटराज प्रकाशन, भारत
_c2005
490 _vभाग 1
942 _h4:(Y5927), 152P5.1
_cTB
_2CC
999 _c891448
_d891448